iPhone - Statistics

General Stats
  • This quiz has been taken 13 times
  • The average score is 15 of 20
Answer Stats
Année Modèle % Correct
2010 4
100%
2012 5
100%
2014 6
100%
2016 7
100%
2017 X
100%
2017 8
89%
2018 XR
89%
2018 XS
89%
2008 3G
78%
2011 4S
78%
2013 5C
78%
2015 6S
78%
2016 SE
78%
2009 3GS
67%
2017 8 Plus
67%
2013 5S
56%
2014 6 Plus
56%
2015 6S Plus
56%
2016 7 Plus
56%
2008 Edge
11%
No matching quizzes found
Score Distribution
Percent of People with Each Score
Percentile by Number Answered
Your Score History
You have not taken this quiz